Hello Mr. Twiddle (Record no. 382)

MARC details
000 -LEADER
fixed length control field 00263nam a2200109 4500
008 - FIXED-LENGTH DATA ELEMENTS--GENERAL INFORMATION
fixed length control field 160622b xxu||||| |||| 00| 0 eng d
100 ## - MAIN ENTRY--PERSONAL NAME
9 (RLIN) 461
Personal name Blyton, E,
245 ## - TITLE STATEMENT
Title Hello Mr. Twiddle
260 ## - PUBLICATION, DISTRIBUTION, ETC. (IMPRINT)
Place of publication, distribution, etc. Eng
Name of publisher, distributor, etc. Dean
Date of publication, distribution, etc. 1968
300 ## - PHYSICAL DESCRIPTION
Extent Hello Mr. Twiddle
942 ## - ADDED ENTRY ELEMENTS (KOHA)
Source of classification or shelving scheme Dewey Decimal Classification
Koha item type BOOK
Holdings
Withdrawn status Lost status Source of classification or shelving scheme Damaged status Not for loan Home library Current library Shelving location Date acquired Total Checkouts Full call number Barcode Date last seen Date last checked out Price effective from Koha item type
    Dewey Decimal Classification     Good Samaritan School Library Good Samaritan School Library FICTION 06/22/2016 1 823 BLY511 09/13/2018 08/16/2018 06/22/2016 BOOK

Powered by Koha